[Event "8th Leiden Open A 2014"]
[Site "Leiden NED"]
[Date "2014.07.12"]
[Round "2.9"]
[White "Slingerland, Fred"]
[Black "Gieben, Stijn"]
[Result "0-1"]
[WhiteTitle "IM"]
[WhiteElo "2328"]
[BlackElo "2042"]
[WhiteFideId "1002473"]
[BlackFideId "1034170"]
[EventDate "2014.07.11"]

1. e4 c5 2. Nf3 d6 3. d4 cxd4 4. Nxd4 Nf6 5. Nc3 a6 6. Be2 e5 7. Nb3 Be7 8. Bg5
Be6 9. Bxf6 Bxf6 10. Qd3 O-O 11. Rd1 Be7 12. Nd5 Bxd5 13. Qxd5 Qb6 14. O-O Nd7
15. Rfe1 Nf6 16. Qd3 a5 17. Qb5 Qc6 18. Bd3 Rfc8 19. a4 Qxb5 20. axb5 Nd7 21.
Ra1 a4 22. Nd2 Nb6 23. Ra2 Bg5 24. Nb1 d5 25. Nc3 Bd2 26. Rd1 Bxc3 27. bxc3 Rxc3
28. exd5 Rd8 29. d6 g6 30. Be4 Rd7 31. g4 Kg7 32. g5 f5 33. gxf6+ Kxf6 34. Kg2
Ke6 35. Bf3 h5 36. h4 Kf5 37. Be2 e4 38. f3 Ke5 39. fxe4 Rxd6 40. Bd3 Rf6 41.
Rg1 a3 42. Kh2 Rf2+ 43. Kg3 Rd2 44. Rga1 Nc4 45. Kf3 b6 46. Kg3 Nd6 47. Rxa3
Nxe4+ 48. Kf3 Rdxc2 49. Rxc3 Rxc3 50. Ke2 g5 51. hxg5 Nc5 52. Bg6 h4 53. Bf7 h3
54. g6 Kf6 55. Be8 h2 56. Rf1+ Kg7 57. Kf2 Ne4+ 58. Kg2 Rc2+ 59. Kh3 h1=Q+ 60.
Rxh1 Nf2+ 61. Kg2 Nxh1+ 62. Kxh1 Re2 63. Bf7 Re5 64. Kg2 Rxb5 65. Kf3 Re5 66.
Kf4 Re7 67. Kf5 b5 68. Kf4 b4 69. Kf3 Rxf7+ 0-1

[Event "8th Leiden Open A 2014"]
[Site "Leiden NED"]
[Date "2014.07.12"]
[Round "2.10"]
[White "Oudshoorn, Arres"]
[Black "Maryasin, Boris"]
[Result "0-1"]
[BlackTitle "IM"]
[WhiteElo "2038"]
[BlackElo "2327"]
[WhiteFideId "1036203"]
[BlackFideId "2801892"]
[EventDate "2014.07.11"]

1. e4 c5 2. Nf3 Nc6 3. d4 cxd4 4. Nxd4 Qb6 5. Nb5 Nf6 6. N5c3 e6 7. Be2 Be7 8.
Nd2 d5 9. exd5 exd5 10. Bf3 Be6 11. Nb3 Rd8 12. Qe2 O-O 13. O-O d4 14. Ne4 Ne5
15. Rd1 Bc4 16. Nxf6+ Qxf6 17. Qe4 Bd5 18. Qf4 Nxf3+ 19. gxf3 Qg6+ 20. Qg4 Bxf3
21. Qxg6 hxg6 22. Rxd4 Bf6 23. Rxd8 Rxd8 24. Be3 Bxb2 25. Rb1 Rd1+ 26. Rxd1 Bxd1
27. Na5 b5 28. Bxa7 Bxc2 29. Bc5 Be4 30. Nb3 Bd5 31. Kf1 g5 32. Bd6 f6 33. Ke2
Kf7 34. Kd3 g6 35. Kc2 Ke6 36. Bg3 Be5 37. a3 f5 38. Nc5+ Kd6 39. Bxe5+ Kxe5 40.
Kc3 Kf4 41. Kb4 Kf3 42. Nd3 Be4 43. Ne5+ Kxf2 44. Nxg6 f4 45. Ne5 Kg2 46. Kxb5
f3 47. Kc4 f2 0-1

[Event "8th Leiden Open A 2014"]
[Site "Leiden NED"]
[Date "2014.07.12"]
[Round "2.11"]
[White "Erwich, Frank"]
[Black "Kouwenhoven, Arjen"]
[Result "1-0"]
[WhiteTitle "FM"]
[WhiteElo "2322"]
[BlackElo "1995"]
[WhiteFideId "1007076"]
[BlackFideId "1013416"]
[EventDate "2014.07.11"]

1. c4 Nf6 2. Nc3 c5 3. Nf3 d5 4. cxd5 Nxd5 5. e3 e6 6. d4 cxd4 7. exd4 Be7 8.
Bd3 O-O 9. O-O Nc6 10. Re1 a6 11. a3 Nxc3 12. bxc3 Bf6 13. Bc2 g6 14. Bh6 Bg7
15. Qd2 Qa5 16. Re4 f5 17. Rh4 Rf7 18. Ng5 Bxh6 19. Rxh6 Re7 20. Bb3 Qd8 21. Re1
Qe8 22. Re3 b5 23. Qe2 Na5 24. Bd5 Raa7 25. Nxe6 Bxe6 26. Bxe6+ Kg7 27. Rxh7+
Kf6 28. Rxe7 Qxe7 29. Bd5 1-0

[Event "8th Leiden Open A 2014"]
[Site "Leiden NED"]
[Date "2014.07.12"]
[Round "2.12"]
[White "Nguyen, Kevin"]
[Black "Duijker, Rick"]
[Result "0-1"]
[BlackTitle "FM"]
[WhiteElo "1935"]
[BlackElo "2256"]
[WhiteFideId "1046349"]
[BlackFideId "1010565"]
[EventDate "2014.07.11"]

1. e4 e6 2. d4 d5 3. Nd2 a5 4. c3 a4 5. Bd3 c5 6. Ne2 Nc6 7. Nf3 dxe4 8. Bxe4
Nf6 9. Bc2 cxd4 10. Nexd4 Nxd4 11. Nxd4 Bd7 12. O-O Bc5 13. Bg5 Qb6 14. Qf3 Bxd4
15. cxd4 Bc6 16. Qc3 Nd5 17. Qg3 Qxb2 18. Be4 Qxd4 19. Bxd5 Qxd5 20. Rfd1 Qf5
21. Bc1 O-O 22. Bb2 f6 23. a3 Rad8 24. Bc3 Qc2 25. Rdc1 Qe4 26. Re1 Qd5 27. Qg4
e5 28. Bb4 Rfe8 29. Rad1 Qf7 30. Rc1 Rd4 31. Qg3 Red8 32. h3 Rd3 33. Re3 Rb3 34.
Rec3 g5 35. Qe3 Qd5 36. Qg3 Kg7 37. f3 h5 38. Qf2 Qd4 39. Bc5 Rxc3 0-1

[Event "8th Leiden Open A 2014"]
[Site "Leiden NED"]
[Date "2014.07.12"]
[Round "2.13"]
[White "De Roode, Peter"]
[Black "Van der Scheer, Henk"]
[Result "1/2-1/2"]
[WhiteElo "2248"]
[BlackElo "2105"]
[WhiteFideId "1001140"]
[BlackFideId "1051458"]
[EventDate "2014.07.11"]

1. d4 Nf6 2. c4 g6 3. Nc3 d5 4. cxd5 Nxd5 5. e4 Nxc3 6. bxc3 Bg7 7. Nf3 O-O 8.
Be3 c5 9. Rc1 Bg4 10. Be2 Bxf3 11. Bxf3 cxd4 12. cxd4 Qa5+ 13. Qd2 Qxd2+ 14.
Kxd2 Nc6 15. d5 Rfd8 16. Rhd1 Rac8 17. Ke2 Nb4 18. a3 Na2 19. Rxc8 Rxc8 20. Rd2
Nc3+ 21. Ke1 Nb1 22. Rd3 Bc3+ 23. Kd1 Nxa3 24. e5 Nb5 25. d6 exd6 26. exd6 Rd8
27. Kc2 Bb4 28. d7 Nd6 29. Bxa7 Rxd7 30. Kb3 Ba5 31. Bb8 Rd8 32. Bxd6 Bc7 33.
Bxc7 Rxd3+ 34. Kc4 Rd7 35. Bb6 Kf8 36. Bc5+ Kg7 37. Kb5 Rd2 38. Bxb7 h5 39. Kc4
Rd1 40. Bd4+ f6 41. h4 Rd2 42. Kc3 Ra2 43. Bd5 Ra5 44. Kc4 Ra4+ 45. Kd3 Ra5 46.
Ke4 Ra4 47. f3 Rb4 48. Bc6 Rb1 49. g4 hxg4 50. fxg4 Rh1 51. Bf2 f5+ 52. gxf5
gxf5+ 53. Ke5 Rf1 54. Bg3 f4 1/2-1/2

[Event "8th Leiden Open A 2014"]
[Site "Leiden NED"]
[Date "2014.07.12"]
[Round "2.14"]
[White "Corstjens, Rolf"]
[Black "Bitalzadeh, Ali"]
[Result "0-1"]
[BlackTitle "IM"]
[WhiteElo "1825"]
[BlackElo "2416"]
[WhiteFideId "1045687"]
[BlackFideId "1010972"]
[EventDate "2014.07.11"]

1. e4 c5 2. Nc3 Nc6 3. g3 g6 4. Bg2 Bg7 5. d3 d6 6. Nge2 Rb8 7. O-O b5 8. a4 b4
9. Nd5 e6 10. Ne3 Nge7 11. f4 f5 12. exf5 gxf5 13. c3 Ba6 14. Re1 bxc3 15. Nxc3
O-O 16. Nc2 Qd7 17. Na3 Nd4 18. Nab5 Nec6 19. Be3 Nxb5 20. axb5 Bxb5 21. Nxb5
Rxb5 22. Bxc6 Qxc6 23. Bc1 Bd4+ 24. Re3 Bxe3+ 25. Bxe3 Rxb2 26. Bf2 Rfb8 27. Rc1
Rxf2 28. Kxf2 Rb2+ 29. Rc2 Qa4 0-1

[Event "8th Leiden Open A 2014"]
[Site "Leiden NED"]
[Date "2014.07.12"]
[Round "2.15"]
[White "Horvath, Csaba"]
[Black "Van der Meer, Kees"]
[Result "1-0"]
[WhiteTitle "GM"]
[WhiteElo "2542"]
[BlackElo "2040"]
[WhiteFideId "700118"]
[BlackFideId "1007793"]
[EventDate "2014.07.11"]

1. d4 Nf6 2. c4 g6 3. Nc3 Bg7 4. e4 d6 5. Be2 O-O 6. Bg5 h6 7. Be3 c5 8. d5 e6
9. dxe6 Bxe6 10. Qd2 Kh7 11. h3 Nc6 12. Nf3 Qa5 13. O-O Qb4 14. Qc1 a6 15. Rd1
Rad8 16. b3 Qa5 17. Bd2 Qc7 18. Nd5 Bxd5 19. exd5 Ne5 20. Nxe5 dxe5 21. Qc2 Ne8
22. b4 Nd6 23. bxc5 Qxc5 24. Rab1 Qc7 25. Be3 Rc8 26. Bb6 Qd7 27. c5 f5 28. Rbc1
Rf6 29. Qb3 Nb5 30. Bxb5 axb5 31. Rb1 Rf7 32. Qxb5 e4 33. Qxd7 Rxd7 34. a4 Bf6
35. a5 g5 36. a6 1-0

[Event "8th Leiden Open A 2014"]
[Site "Leiden NED"]
[Date "2014.07.12"]
[Round "2.16"]
[White "Van Der Wiel, John T.H."]
[Black "Den Hartog, Marijn"]
[Result "1-0"]
[WhiteTitle "GM"]
[WhiteElo "2424"]
[BlackElo "2006"]
[WhiteFideId "1000020"]
[BlackFideId "1046098"]
[EventDate "2014.07.11"]

1. e4 e5 2. Nf3 Nc6 3. d4 exd4 4. Nxd4 Nxd4 5. Qxd4 Qf6 6. Be3 c5 7. Qxf6 Nxf6
8. Nc3 d6 9. Nb5 Kd7 10. f3 Kc6 11. c4 Be6 12. Bd3 a6 13. Nc3 g6 14. O-O Bg7 15.
Rac1 h5 16. Rfe1 Rae8 17. b3 b6 18. Rc2 Bc8 19. a3 Bh6 20. Bxh6 Rxh6 21. f4 Kc7
22. e5 dxe5 23. fxe5 g5 24. Rf2 Nd7 25. Rxf7 Rhe6 26. Bf5 Rxe5 27. Rd1 Re1+ 28.
Rxe1 Rxe1+ 29. Kf2 Ra1 30. Nd5+ Kd6 31. Ne7 Bb7 32. Bxd7 Kxd7 33. Nd5+ Kc8 34.
Rf8+ Kd7 35. Rf7+ Kc8 36. Nxb6+ Kb8 37. Nd7+ Kc8 38. Nb6+ Kb8 39. Nd7+ Kc8 40.
Nxc5 Ra2+ 41. Kg1 Rxg2+ 42. Kh1 Rf2+ 43. Nxb7 Rxf7 44. Nd6+ 1-0

[Event "8th Leiden Open A 2014"]
[Site "Leiden NED"]
[Date "2014.07.12"]
[Round "2.17"]
[White "Van der Togt, Twan"]
[Black "Van Assendelft, Floris"]
[Result "0-1"]
[BlackTitle "IM"]
[WhiteElo "2013"]
[BlackElo "2380"]
[WhiteFideId "1043471"]
[BlackFideId "1010271"]
[EventDate "2014.07.11"]

1. e4 c5 2. Nf3 e6 3. d4 cxd4 4. Nxd4 a6 5. Nc3 b5 6. Bd3 Qb6 7. Nf3 d6 8. a4 b4
9. a5 Qc7 10. Na4 Nd7 11. Be3 Ngf6 12. Nb6 Nxb6 13. Bxb6 Qc6 14. Qe2 Bb7 15. Nd4
Qc8 16. O-O d5 17. e5 Nd7 18. Nxe6 fxe6 19. Qh5+ Ke7 20. Be3 Nc5 21. Rac1 Kd7
22. f4 Qe8 23. Qe2 g6 24. c4 d4 25. Rcd1 Kc7 26. Bxd4 Rd8 27. Bc2 Be7 28. Rfe1
Qc6 29. Qf2 Bh4 30. g3 Qh1# 0-1

[Event "8th Leiden Open A 2014"]
[Site "Leiden NED"]
[Date "2014.07.12"]
[Round "2.19"]
[White "Lecomte, Robin"]
[Black "Lupor, Stefan"]
[Result "0-1"]
[BlackTitle "FM"]
[WhiteElo "2056"]
[BlackElo "2306"]
[WhiteFideId "1037170"]
[BlackFideId "4685806"]
[EventDate "2014.07.11"]

1. c4 e6 2. Nf3 d5 3. g3 c5 4. Bg2 Nc6 5. O-O Nf6 6. b3 Be7 7. Bb2 O-O 8. d3 d4
9. Na3 e5 10. Nc2 Bf5 11. Nh4 Be6 12. e4 Ne8 13. Nf5 Bf6 14. b4 cxb4 15. a3 a5
16. axb4 axb4 17. Qd2 Rxa1 18. Rxa1 g6 19. Nh6+ Kg7 20. h4 Be7 21. f4 Kxh6 22.
f5+ Kg7 23. fxe6 Nc7 24. exf7 Rxf7 25. Rf1 Rxf1+ 26. Bxf1 Qf8 27. Be2 Qf7 28.
Bc1 Kg8 29. Ne1 Ne6 30. Bg4 Nc5 31. Qh6 Qg7 32. Qd2 Qf6 33. Qa2 Qf8 34. Qe2 Qa8
35. h5 Nd8 36. hxg6 hxg6 37. Qd2 Qa1 38. Qh6 Qa6 39. Be2 Nf7 40. Qh3 b3 41. Qc8+
Kg7 42. Qc7 Qa1 0-1

[Event "8th Leiden Open A 2014"]
[Site "Leiden NED"]
[Date "2014.07.12"]
[Round "2.25"]
[White "Lupor, Andre"]
[Black "Fricano, Paul Royal"]
[Result "1-0"]
[WhiteTitle "FM"]
[WhiteElo "2281"]
[BlackElo "2013"]
[WhiteFideId "4680103"]
[BlackFideId "2037904"]
[EventDate "2014.07.11"]

1. d4 Nf6 2. c4 e5 3. dxe5 Ng4 4. Bf4 Bb4+ 5. Nd2 d6 6. exd6 Bxd6 7. Bxd6 Qxd6
8. Ngf3 Qb6 9. e3 Qxb2 10. Be2 Nc6 11. O-O O-O 12. Rb1 Qxa2 13. Qc1 Qa6 14. Ra1
Na5 15. Qc3 b6 16. Nb3 c5 17. Rfd1 Nf6 18. Ng5 h6 19. Rd6 hxg5 20. Nxc5 Ne4 21.
Nxe4 Qb7 22. Nxg5 Qe7 23. Rd5 f6 24. Nf3 Be6 25. Rd4 Rac8 26. h3 Qf7 27. Rc1 Rc5
28. Nd2 Nc6 29. Rd6 Qe7 30. Ne4 Bxh3 31. Nxc5 Qxd6 32. Nb7 Qc7 33. gxh3 Qxb7 34.
Bf3 Qc7 35. c5 Ne5 36. Bd5+ Kh8 37. cxb6 Qxc3 38. Rxc3 axb6 39. f4 Ng6 40. Kf2
Rb8 41. Rc7 Nf8 42. e4 Ng6 43. Ke3 Kh7 44. Bc4 b5 45. Bd3 Kg8 46. e5 Nxe5 47.
fxe5 fxe5 48. Ke4 Kh7 49. Rc6 Rd8 50. Bxb5 Rf8 51. Kxe5 Rf3 52. h4 Rf6 53. Rc8
Rf3 54. Bc6 Rh3 55. Be4+ g6 56. Kf6 Rg3 57. h5 Rg5 58. hxg6+ Kh6 59. Rh8# 1-0

[Event "8th Leiden Open A 2014"]
[Site "Leiden NED"]
[Date "2014.07.13"]
[Round "3.1"]
[White "Nikolic, Predrag"]
[Black "Stany, G.A."]
[Result "1/2-1/2"]
[WhiteTitle "GM"]
[BlackTitle "IM"]
[WhiteElo "2605"]
[BlackElo "2399"]
[WhiteFideId "14400014"]
[BlackFideId "5029104"]
[EventDate "2014.07.11"]

1. d4 Nf6 2. c4 e6 3. Nf3 b6 4. Bf4 Bb7 5. e3 Bb4+ 6. Nbd2 O-O 7. Be2 d5 8. O-O
Bd6 9. Bg3 Bxg3 10. hxg3 Nbd7 11. Rc1 c5 12. cxd5 Bxd5 13. Qa4 Rc8 14. Qa3 Rc7
15. dxc5 Nxc5 16. Nd4 e5 17. N4f3 Qe7 18. Qc3 e4 19. Nd4 Ne6 20. Nf5 Qd7 21. Qe5
Re8 22. Nd6 Nd4 23. Qxd4 Qxd6 24. Rfd1 Rxc1 25. Rxc1 Qe7 26. Qa4 Rd8 27. Nb1 g6
28. Rd1 Rc8 29. Nc3 Bc6 30. Qc4 Rc7 31. Rd4 Bb7 32. Qa4 Bc6 33. Qd1 Kg7 34. a3
Qe5 35. Qb3 Rd7 36. Qc4 Rxd4 37. exd4 Qd6 38. Bd1 Qd7 39. Bb3 Bb7 40. d5 Qd6 41.
Qd4 Qc5 42. Qe5 Qc8 43. d6 Qf5 44. Qxf5 gxf5 45. Ba4 Bc8 46. Kf1 Bd7 47. Bb5 a5
48. Bxd7 Nxd7 49. Nd5 f6 50. Ke2 Kf7 51. Nc7 Ne5 52. b3 a4 53. bxa4 Nc4 54. Nd5
Ke6 55. d7 Kxd7 56. Nxf6+ Ke6 57. Nxh7 Nxa3 58. Nf8+ Ke7 59. Ng6+ Kf6 60. Nf4
Nc4 61. Nd5+ Ke5 62. Nc3 Kd4 63. Nd1 Kc5 64. Ne3 Nd6 65. Kd2 Kb4 66. Nd5+ Kc5
67. Nc3 Kb4 68. Nd5+ Kc5 69. Nc3 Kb4 70. Nd5+ 1/2-1/2

[Event "8th Leiden Open A 2014"]
[Site "Leiden NED"]
[Date "2014.07.13"]
[Round "3.2"]
[White "Maryasin, Boris"]
[Black "Bogner, Sebastian"]
[Result "0-1"]
[WhiteTitle "IM"]
[BlackTitle "GM"]
[WhiteElo "2327"]
[BlackElo "2602"]
[WhiteFideId "2801892"]
[BlackFideId "4692055"]
[EventDate "2014.07.11"]

1. e4 c5 2. Nf3 d6 3. d4 cxd4 4. Qxd4 a6 5. Be3 Nc6 6. Qd2 Nf6 7. Nc3 e6 8.
O-O-O Be7 9. Bf4 Ng4 10. h3 Nge5 11. Nxe5 Nxe5 12. Bh2 O-O 13. f4 Nc6 14. Kb1 b5
15. g4 Bb7 16. g5 b4 17. Ne2 a5 18. Rg1 Re8 19. f5 Ne5 20. Nd4 Bf8 21. Bb5 Re7
22. fxe6 Qb6 23. exf7+ Nxf7 24. g6 hxg6 25. Rxg6 Bxe4 26. Rg4 d5 27. Bg1 Ne5 28.
Rg3 Qc7 29. Ba4 Ra6 30. Nb5 Qb8 31. Bc5 Nc4 32. Qh2 Rg6 33. Rg2 Qxh2 34. Rxh2
Rf7 35. Bxf8 Kxf8 36. Nd4 Ne3 37. Re1 Ng2 38. Rc1 Ke7 39. Bb5 Rff6 40. a4 bxa3
41. bxa3 Kd6 42. Kb2 Kc5 43. c3 Rf2+ 44. Kb3 a4+ 45. Kxa4 Rb2 46. Ka5 Rb6 47. a4
Rb8 48. Ka6 Ra8+ 49. Kb7 Rxa4 50. Kc7 Ra7+ 51. Kd8 Rxb5 52. Nxb5 Kxb5 53. Rg1
Kc4 54. h4 Kxc3 55. h5 Nf4 56. Ke8 Kd4 57. Kf8 Ke5 58. h6 Kf6 59. Ke8 Bf5 60.
Kd8 Ne6+ 61. Kc8 Nd4+ 0-1

[Event "8th Leiden Open A 2014"]
[Site "Leiden NED"]
[Date "2014.07.13"]
[Round "3.3"]
[White "Sengupta, Deep"]
[Black "Pijpers, Arthur"]
[Result "0-1"]
[WhiteTitle "GM"]
[WhiteElo "2533"]
[BlackElo "2371"]
[WhiteFideId "5008352"]
[BlackFideId "1019554"]
[EventDate "2014.07.11"]

1. Nf3 c5 2. c4 g6 3. e3 Bg7 4. d4 Nf6 5. Nc3 O-O 6. d5 d6 7. Be2 e6 8. O-O exd5
9. cxd5 a6 10. a4 Nbd7 11. Nd2 Re8 12. e4 Ne5 13. Ndb1 c4 14. Qc2 Nh5 15. Be3
Ng4 16. Bxg4 Bxg4 17. Qd2 Bd7 18. Bd4 b5 19. Bxg7 Nxg7 20. Re1 b4 21. Nd1 a5 22.
Qd4 Rc8 23. Ne3 Qc7 24. Rc1 Qc5 25. Qxc5 Rxc5 26. f3 Nf5 27. Kf2 Nxe3 28. Kxe3
Rxd5 29. Rxc4 Rd1 30. Rd4 Re1+ 31. Kf2 Rh1 32. Rxd6 Be6 33. Ra6 Rc8 34. Rxa5
Rc2+ 35. Ke3 Rxb2 36. Ra8+ Kg7 37. a5 Rhxb1 38. Ra4 Bd7 0-1

[Event "8th Leiden Open A 2014"]
[Site "Leiden NED"]
[Date "2014.07.13"]
[Round "3.4"]
[White "Gieben, Stijn"]
[Black "Cernousek, Lukas"]
[Result "0-1"]
[BlackTitle "IM"]
[WhiteElo "2042"]
[BlackElo "2457"]
[WhiteFideId "1034170"]
[BlackFideId "311707"]
[EventDate "2014.07.11"]

1. e4 c5 2. Nf3 d6 3. d4 Nf6 4. Nc3 cxd4 5. Nxd4 a6 6. Be3 Ng4 7. Bg5 h6 8. Bh4
g5 9. Bg3 Bg7 10. h3 Ne5 11. Qd2 Nbc6 12. O-O-O Nxd4 13. Qxd4 Be6 14. Nd5 Qa5
15. Kb1 Rc8 16. f3 Bxd5 17. Qxd5 Qxd5 18. Rxd5 O-O 19. h4 Bf6 20. f4 gxf4 21.
Bxf4 Kh7 22. g4 Ng6 23. Rf5 Bxh4 24. g5 e6 25. Rf6 Kg7 0-1

[Event "8th Leiden Open A 2014"]
[Site "Leiden NED"]
[Date "2014.07.13"]
[Round "3.5"]
[White "Das, Arghyadip"]
[Black "Erwich, Frank"]
[Result "1-0"]
[WhiteTitle "IM"]
[BlackTitle "FM"]
[WhiteElo "2439"]
[BlackElo "2322"]
[WhiteFideId "5003610"]
[BlackFideId "1007076"]
[EventDate "2014.07.11"]

1. e4 e5 2. Nf3 Nc6 3. d4 exd4 4. Nxd4 Bc5 5. Nb3 Bb6 6. Nc3 Nf6 7. Qf3 Nd4 8.
Nxd4 Bxd4 9. Bd2 d6 10. h3 O-O 11. O-O-O Re8 12. Bd3 Nd7 13. Qg3 Nc5 14. f4 c6
15. Ne2 Bf6 16. Qf3 Qe7 17. Ng3 g6 18. Rhe1 Bg7 19. Bb4 Nxd3+ 20. Rxd3 c5 21.
Bc3 Bxc3 22. Rxc3 d5 23. e5 Be6 24. Kb1 d4 25. Rd3 f5 26. exf6 Bxa2+ 27. Kxa2
Qf7+ 28. b3 Rxe1 29. Ne4 Qc7 30. Kb2 Qa5 31. Rd1 Re3 32. Qg4 Qc7 33. f5 Qf7 34.
Rf1 Rxe4 35. Qxe4 Qxf6 36. fxg6 Qxf1 37. Qxb7 hxg6 38. Qxa8+ Kg7 39. Qxa7+ Kh6
40. Qxc5 Qxg2 41. Qxd4 1-0

[Event "8th Leiden Open A 2014"]
[Site "Leiden NED"]
[Date "2014.07.13"]
[Round "3.6"]
[White "Ikonnikov, Vyacheslav"]
[Black "De Roode, Peter"]
[Result "1-0"]
[WhiteTitle "GM"]
[WhiteElo "2556"]
[BlackElo "2248"]
[WhiteFideId "4100972"]
[BlackFideId "1001140"]
[EventDate "2014.07.11"]

1. d4 Nf6 2. Nf3 e6 3. c4 d5 4. Nc3 Be7 5. Bg5 O-O 6. e3 h6 7. Bh4 b6 8. Be2 Bb7
9. Bxf6 Bxf6 10. cxd5 exd5 11. O-O Nd7 12. b4 c6 13. Qb3 b5 14. a4 a6 15. a5 Re8
16. Rac1 Nf8 17. Nd1 Be7 18. Nb2 Bd6 19. Nd3 Nd7 20. Rc2 Qf6 21. Rfc1 Rac8 22.
g3 g6 23. Qc3 Kg7 24. Qe1 Re6 25. Nd2 Qf5 26. Nb3 h5 27. Qd1 Qf6 28. Bf1 Qf5 29.
Nf4 Bxf4 30. exf4 Rce8 31. Re2 Bc8 32. Rxc6 Rxc6 33. Rxe8 Qc2 34. Qxc2 Rxc2 35.
Bh3 f5 36. Nc5 Nxc5 37. dxc5 1-0

[Event "8th Leiden Open A 2014"]
[Site "Leiden NED"]
[Date "2014.07.13"]
[Round "3.7"]
[White "Horvath, Csaba"]
[Black "Van Der Raaf, Erik"]
[Result "1-0"]
[WhiteTitle "GM"]
[WhiteElo "2542"]
[BlackElo "2152"]
[WhiteFideId "700118"]
[BlackFideId "1004115"]
[EventDate "2014.07.11"]

1. Nf3 Nf6 2. c4 e6 3. g3 c5 4. Bg2 Nc6 5. O-O Be7 6. d4 cxd4 7. Nxd4 O-O 8. Nc3
Qc7 9. Ndb5 Qb8 10. Bf4 e5 11. Bg5 a6 12. Bxf6 gxf6 13. Na3 d6 14. Nc2 Be6 15.
Ne3 f5 16. Ned5 Qd8 17. e3 Kh8 18. b3 Rg8 19. Kh1 Bf8 20. Rc1 Rg6 21. f4 Rh6 22.
Qe2 Bg7 23. Rfd1 Rc8 24. Na4 e4 25. Ndb6 Rc7 26. Qd2 Bf8 27. c5 d5 28. Nxd5 Bxd5
29. Qxd5 Qxd5 30. Rxd5 Nb4 31. Rxf5 b5 32. Nc3 Nd3 33. Rc2 Nxc5 34. Nxe4 Nxe4
35. Bxe4 Rxc2 36. Bxc2 Rc6 37. Be4 Re6 38. Bd5 Rxe3 39. Rxf7 Bc5 40. Rc7 Bd4 41.
Rc2 b4 42. Kg2 a5 43. Rc8+ Kg7 44. Rc7+ Kh8 45. Bc4 Rc3 46. Rd7 Bf6 47. Bd3 h5
48. Kf3 a4 49. bxa4 Ra3 50. Ke4 Rxa4 51. Kf5 Bc3 52. Kg6 Ra8 53. Bc4 1-0

[Event "8th Leiden Open A 2014"]
[Site "Leiden NED"]
[Date "2014.07.13"]
[Round "3.8"]
[White "Kerkvliet, Max"]
[Black "Van Der Wiel, John T.H."]
[Result "1/2-1/2"]
[BlackTitle "GM"]
[WhiteElo "2091"]
[BlackElo "2424"]
[WhiteFideId "1025546"]
[BlackFideId "1000020"]
[EventDate "2014.07.11"]

1. d4 Nf6 2. Nf3 g6 3. c4 Bg7 4. Nc3 O-O 5. g3 d6 6. Bg2 c6 7. O-O Qa5 8. Re1
Qh5 9. b3 Bh3 10. Bb2 Nbd7 11. Nh4 Bxg2 12. Kxg2 d5 13. cxd5 cxd5 14. e3 Qxd1
15. Rexd1 Rfc8 16. Rac1 e6 17. Nf3 Rc6 18. Rc2 Rac8 19. Rdc1 Bf8 20. Ne1 Bb4 21.
f3 a6 22. Kf1 e5 23. Nd1 e4 24. Rxc6 Rxc6 25. Rxc6 bxc6 26. Nc2 Bf8 27. f4 h5
28. h3 Ne8 29. Ke2 Nd6 30. Bc3 f6 1/2-1/2

[Event "8th Leiden Open A 2014"]
[Site "Leiden NED"]
[Date "2014.07.13"]
[Round "3.9"]
[White "Bitalzadeh, Ali"]
[Black "Fluechter, Gregor"]
[Result "1-0"]
[WhiteTitle "IM"]
[WhiteElo "2416"]
[BlackElo "2092"]
[WhiteFideId "1010972"]
[BlackFideId "12903396"]
[EventDate "2014.07.11"]

1. c4 c6 2. e4 d5 3. cxd5 cxd5 4. exd5 Nf6 5. Qa4+ Nbd7 6. Nc3 g6 7. Nf3 Bg7 8.
Bc4 O-O 9. d3 a6 10. Qa3 b6 11. O-O Bb7 12. Re1 Re8 13. Bf4 b5 14. Bb3 Bf8 15.
d6 Bxf3 16. gxf3 e5 17. Be3 Qb8 18. Ne4 Nxe4 19. dxe4 Bxd6 20. Qa5 Bc5 21. Rad1
Bd4 22. Bxd4 exd4 23. Rxd4 Ne5 24. Qc3 Qb6 25. Kg2 Qf6 26. Qe3 Rad8 27. Red1
Rxd4 28. Rxd4 Rd8 29. Rxd8+ Qxd8 30. f4 Nd3 31. Bd5 Nb4 32. Bxf7+ Kf8 33. Bb3 1-0

[Event "8th Leiden Open A 2014"]
[Site "Leiden NED"]
[Date "2014.07.13"]
[Round "3.10"]
[White "Van der Scheer, Henk"]
[Black "Wohl, Aleksandar H."]
[Result "0-1"]
[BlackTitle "IM"]
[WhiteElo "2105"]
[BlackElo "2339"]
[WhiteFideId "1051458"]
[BlackFideId "3200345"]
[EventDate "2014.07.11"]

1. d4 g6 2. c4 Bg7 3. Nc3 c5 4. e3 Nf6 5. Nf3 O-O 6. Be2 cxd4 7. exd4 d5 8. O-O
Nc6 9. Be3 dxc4 10. Bxc4 Na5 11. Be2 Be6 12. Qa4 a6 13. b4 Nc4 14. Bxc4 Bxc4 15.
Rfe1 b5 16. Qa3 Qd6 17. Nd2 Ng4 18. Nf3 f5 19. h3 Nxe3 20. Rxe3 Rfd8 21. Ne5
Rac8 22. Rd1 Bf6 23. Qb2 Qb6 24. Ne2 Rd6 25. a3 Bg5 26. Rg3 Bh6 27. Rc3 Bg7 28.
Rdc1 Bxe5 29. dxe5 Rd7 30. Kh1 Rcd8 31. f4 Qf2 32. R3c2 Rd1+ 33. Ng1 Qxg1# 0-1

[Event "8th Leiden Open A 2014"]
[Site "Leiden NED"]
[Date "2014.07.13"]
[Round "3.11"]
[White "Lupor, Stefan"]
[Black "Ratsma, Rosa"]
[Result "1-0"]
[WhiteTitle "FM"]
[WhiteElo "2306"]
[BlackElo "1939"]
[WhiteFideId "4685806"]
[BlackFideId "1033662"]
[EventDate "2014.07.11"]

1. e4 c5 2. Nf3 d6 3. Bb5+ Nc6 4. Bxc6+ bxc6 5. O-O g6 6. d4 c4 7. Re1 d5 8. Ne5
Qb6 9. Nc3 f6 10. Nf3 Qd8 11. Bf4 a6 12. b3 cxb3 13. cxb3 e6 14. Rc1 Bb4 15. Bd2
Ne7 16. Na4 Bxd2 17. Qxd2 O-O 18. Nc5 dxe4 19. Rxe4 e5 20. dxe5 Qxd2 21. Nxd2 f5
22. Rd4 Nd5 23. f4 Re8 24. Nc4 a5 25. h3 h6 26. Kf2 Kg7 27. Ne3 Ne7 28. Rd6 Rb8
29. g3 Rb5 30. h4 g5 31. h5 Rb4 32. Rc4 Rxc4 33. bxc4 Kh7 34. a4 Rg8 35. Nb3
gxf4 36. gxf4 Bb7 37. Rd7 1-0